00737 a2200205 4500010001400000020002400014035001300038037001600051082001200067090001500079100002500094245009300119260004700212270004600259300002700305500001900332942002700351999001500378952013800393 aENG-88663 c2400.00a8184500189 aEN-72196 bDBAD / PUB14a338.064 c9103d9103 aChatterjee, Biswajit1 aGrowth, distribution and public policy:cby Biswahit Chatterjeeba study of west Bengal/ aNew DelhibDeep & Deep Publicationsc2007 aF-159, Rajouri GardenbNew Delhie110 027 axxv, 825 p.c23cm (Hb) aIncludes index adplcENk338.064 / CHA c8938d8938 00102ddc40718NFICaDBADbDBADeDBAD/PUBg2400.00l0o338.064 CHApEN-72196r2008-09-15 00:00:00t1u9886v2400.00w2008-09-15yEN